Tout les match - France 2022 - World Cup - Statistiques

Statistiques générales
  • Ce quiz a été pris 107 fois
  • Le résultat moyen est 6 sur 7
Statistiques - réponses
Equipe % Correct
Argentine
99%
Maroc
95%
Australie
87%
Danemark
84%
Tunisie
84%
Angleterre
81%
Pologne
75%
Aucun quiz correspondant
Distribution des résultats
% des personnes avec chaque résultat
Percentile par nombre de réponses
Votre historique - résultats
Vous n’avez pas pris ce quiz